00779nam a2200193 a 4500001001000000005001700010008004100027040001800068050002500086245010500111260004200216300001800258600006900276650004500345650004200390651006500432700006500497700002300562BRCA_220320190320203719.0981028s1997 mx-#---###---s000-0dspa-d aEMUcEMUdDLC 4aBX1431.A8b.S26 199710aSan Félix Papabpatrono espiritual de la Villa de Atlixcocnoticia biográfica Pedro Angel Palou. aPueblabSecretaría de Culturac1997 a93 p.c28 cm.14aFelixcSaint, Bishop of Tubyzadd. 303vFuentesxCultozMéxico14aSantuarios cristianosvFuenteszMéxico14aIglesia católicavFuenteszMéxico 4aAtlixco (México)vFuentesxHistoria de iglesiasySiglo XVI1 aVázquez y Sánchez Vizcaíno, Francisco Pablod1769-18471 aPalou, Pedro Angel